Дело о воспитании и обучении графа Д.Н. Шереметева (о приглашении воспитателя и учителей о предметах обучения и другое)

Доступно только в Электронных читальных залах Найти на картеНа карте
RUSMARC
00003730nmc2a22002413x 450
001cfa3fe21-72db-48ba-90aa-0d2de945eb9b
00520230906134109.0
100##$a20230309l18101821k l0rusy0189 ca
1010#$arus
102##$aRU
105##$ay###
1222#$ad
2001#$aДело о воспитании и обучении графа Д.Н. Шереметева (о приглашении воспитателя и учителей о предметах обучения и другое)
$j11 февраля 1810 г. - 30 декабря 1821 г.
215##$a85 л.
$d42х29 см
251##$cДело
300##$aГраф Дмитрий Николаевич Шереметев и его семья. Личные документы Д.Н. Шереметева и его детей
371##$aДокумент не является опубликованным и широко распространяемым
461#0$100198b93a77-94f0-46bb-a7e0-b5027cc72a67
$12001
$aШереметевы, графы
$1251
$cФонд
$1852
$j1088
462#0$1001d3ce280e-361b-49f4-86d2-e1a120f828b4
$12001
$aЛичные документы, переписка и документы, связанные со служебной и общественной деятельностью графов Бориса Петровича, Петра Борисовича, Николая Петровича и Дмитрия Шереметевых
$1251
$cОпись
$1852
$j1
801#0$aRU
$bРГИА
$c20230309
$gRCR
801#1$aRU
$bГлавНИВЦ
$c20230309
$2rusmarc
801#2$aRU
$bПБ им. Б.Н. Ельцина
$c20230906
$gRCR
$2rusmarc
850##$aРГИА
852##$aРГИА
$eФедеральное казенное учреждение "Российский государственный исторический архив" (РГИА)
$j438
937##$hРГИА
$d12391524
$aASBIBLIO_SCAN
035##$aRusGRCC00059885
856##$uhttp://readingroom.main.prlib.ru/item.aspx?id_node=n187399747&mode=full
Формат отображения